It looks like you're offline.
Open Library logo
additional options menu

MARC record from Internet Archive

LEADER: 01560cam a2200421Li 4500
001 11608589
005 20151117184838.0
008 141022s2014 ii a 000 0ceng d
010 $a 2014357825
020 $a9780143422358 (pbk.)
020 $a0143422359 (pbk.)
035 $a(OCoLC)ocn895632820
035 $a(OCoLC)895632820
035 $a(NNC)11608589
037 $bLibrary of Congress -- New Delhi Overseas Office
040 $aDKAGE$beng$erda$cDKAGE$dDLC$dOCLCF$dYDXCP
043 $aa-ii---
050 4 $aUB435.I4$bR39 2014
082 04 $a355.13420954$223
100 1 $aRawat, Rachna Bisht,$eauthor.
245 14 $aThe Brave :$bParam Vir Chakra stories /$cRachna Bisht Rawat ; illustrations by Rishi Kumar.
264 1 $aGurgaon, Haryana, India :$bPenguin Books India Pvt. Ltd,$c2014.
300 $axi, 283 pages :$billustrations (black and white) ;$c20 cm
336 $atext$2rdacontent
337 $aunmediated$2rdamedia
338 $avolume$2rdacarrier
530 $aAlso available as an e-book.
650 0 $aParam vir chakra.
651 0 $aIndia$xArmed Forces$xOfficers$vBiography.
651 0 $aIndia$xHistory, Military$y20th century.
650 7 $aArmed Forces$xOfficers.$2fast$0(OCoLC)fst00814617
650 7 $aParam vir chakra.$2fast$0(OCoLC)fst01052966
651 7 $aIndia.$2fast$0(OCoLC)fst01210276
648 7 $a1900 - 1999$2fast
655 7 $aBiography.$2fast$0(OCoLC)fst01423686
655 7 $aMilitary history.$2fast$0(OCoLC)fst01411630
700 1 $aKumar, Rishi,$eillustrator.
852 00 $boff,glx$hUB435.I4$iR39 2014g